Music Quiz

Random Music or Singers Quiz
Score 0/44 Timer 10:00
0 Plays Today
Original Singer/Band Single % Correct
Michael JacksonEat It
95.7%
MadonnaLike a Surgeon
82.6%
The KnackMy Bologna
78.3%
QueenAnother One Rides the Bus
73.9%
Toni BasilRicky
73.9%
Joan Jett and the BlackheartsI Love Rocky Road
73.9%
The Greg Kihn BandI Lost on Jeopardy
60.9%
Michael JacksonFat
60.9%
Coolio feat. L.V.Amish Paradise
52.2%
NirvanaSmells Like Nirvana
47.8%
Dire StraitsMoney for Nothing
43.5%
Billy Ray CyrusAchy Breaky Song
43.5%
The Presidents of the United States of AmericaGump
43.5%
Ritchie ValensLasagna
39.1%
Don McLeanThe Saga Begins
39.1%
Sean 'Puff Daddy' CombsIt's All About the Pentiums
39.1%
The PoliceKing of Suede
34.8%
DevoDare to Be Stupid
34.8%
James BrownLiving with a Hernia
34.8%
TiffanyI Think I'm a Clone Now
34.8%
ChamillionaireWhite & Nerdy
34.8%
Green DayCanadian Idiot
34.8%
Original Singer/Band Single % Correct
Huey Lewis and the NewsI Want a New Duck
30.4%
Lady GagaPerform This Way
30.4%
Tone LocIsle Thing
26.1%
GerardoTaco Grande
26.1%
Red Hot Chili PeppersBedrock Anthem
26.1%
Crash Test DummiesHeadline News
26.1%
Elvis PresleyOne More Minute
21.7%
The JacksonsUHF
21.7%
Jimmy WebbJurassic Park
21.7%
The OffspringPretty Fly (For a Rabbi)
21.7%
Backstreet BoyseBay
21.7%
The DoorsCraigslist
21.7%
T.I.Whatever You Like
17.4%
WeezerSkipper Dan
17.4%
QueenRingtone
17.4%
'Weird Al' YankovicThis Is the Life
13%
The JacksonsHooked on Polkas
13%
'Weird Al' YankovicYou Don't Love Me Anymore
13%
Spice GirlsPolka Power!
13%
The RonettesChristmas at Ground Zero
8.7%
Soul AsylumThe Night Santa Went Crazy
8.7%
Michael JacksonDon't Download This Song
8.7%
Remove Ads.
Support Sporcle.
Get the best of Sporcle when you Go Orange. This ad-free experience offers more features, more stats, and more fun while also helping to support Sporcle. Thank you for becoming a member.

You're not logged in!

Compare scores with friends on all Sporcle quizzes.
OR
Log In

Show Comments

Extras

Top Quizzes Today


Score Distribution

Your Account Isn't Verified!

In order to create a playlist on Sporcle, you need to verify the email address you used during registration. Go to your Sporcle Settings to finish the process.

Report this User

Report this user for behavior that violates our Community Guidelines.

Details: